Teams that have won the World Club Challenge (Rugby League) - Statistics

General Stats
  • This quiz has been taken 304 times
  • The average score is 6 of 10
Answer Stats
Hint Answer % Correct
UK Leeds Rhinos
87%
UK Wigan Warriors
87%
UK St Helens
86%
Australia Melbourne Storm
79%
Australia Sydney Roosters
79%
UK Bradford Bulls
72%
Australia Brisbane Broncos
70%
UK Widnes Vikings
39%
Australia St George Illawarra Dragons
24%
Australia Manly-Warringah Sea Eagles
23%
No matching quizzes found
Score Distribution
Percent of People with Each Score
Percentile by Number Answered
Your Score History
You have not taken this quiz